[Event "Flint (Beg/1)"]
[Site "?"]
[Date "1993.??.??"]
[Round "?"]
[White "McNamara, Ron"]
[Black "Miles, J."]
[Result "1-0"]
[WhiteElo "1605"]
[BlackElo "1605"]
[PlyCount "39"]
[EventDate "1993.??.??"]

1. e4 e6 2. Nc3 Bc5 3. f4 Qh4+ 4. g3 Qf6 5. Nf3 Nh6 6. d4 Bb6 7. b3 Nc6 8. Bb2
Nxd4 9. Nb5 Ba5+ 10. b4 Bxb4+ 11. c3 Ba5 12. Qxd4 Bb6 13. e5 Qf5 14. Qc4 Ng4
15. Bd3 Bf2+ 16. Ke2 d5 17. Bxf5 Ne3 18. Qxc7 exf5 19. Nd6+ Kf8 20. Qd8# 1-0

[Event "Troy (TCC/DEU/2/8)"]
[Site "?"]
[Date "1993.??.??"]
[Round "?"]
[White "McNamara, Ron"]
[Black "Mansour, K."]
[Result "0-1"]
[WhiteElo "1605"]
[BlackElo "1605"]
[PlyCount "38"]
[EventDate "1993.??.??"]

{2/(8)} 1. e4 e5 2. Nc3 Nf6 3. f4 Nc6 4. Nf3 d6 5. Bc4 Bg4 6. O-O Nd4 7. Be2
Nxe2+ 8. Qxe2 Be7 9. Qb5+ Qd7 10. Qxb7 O-O 11. fxe5 dxe5 12. Nxe5 Qd4+ 13. Kh1
Qxe5 14. d3 Nh5 15. Nd5 Bc5 16. Bf4 Nxf4 17. Qxc7 Bd6 18. d4 Qxe4 19. Qxd6
Qxg2# 0-1

[Event "Trenton (Mar)"]
[Site "?"]
[Date "1993.??.??"]
[Round "?"]
[White "McNamara, Ron"]
[Black "Kane, Paul"]
[Result "0-1"]
[WhiteElo "1605"]
[BlackElo "1605"]
[PlyCount "70"]
[EventDate "1993.??.??"]

1. e4 c5 2. Nc3 e6 3. f4 Qc7 4. d3 a6 5. Nf3 d6 6. Be2 Be7 7. O-O Nf6 8. a3 Nc6
9. e5 Nd7 10. d4 O-O 11. Ne4 cxd4 12. Nxd4 dxe5 13. Nxc6 Qxc6 14. Bf3 Qb6+ 15.
Rf2 f5 16. Ng5 e4 17. Bxe4 fxe4 18. Nxe4 Nf6 19. Qe2 Nxe4 20. Qxe4 Bc5 21. Qf3
Bd7 22. b4 Bxf2+ 23. Qxf2 Qxf2+ 24. Kxf2 Rac8 25. Ra2 e5 26. Kg3 exf4+ 27. Bxf4
Rc3+ 28. Kf2 Rxf4+ 29. Kg1 Bb5 30. h3 Rf1+ 31. Kh2 Bc6 32. a4 Rf2 33. b5 Rxg2+
34. Kh1 Rgxc2+ 35. bxc6 Rxa2 0-1

[Event "Eastpointe (MI Action/5/18)"]
[Site "?"]
[Date "1993.??.??"]
[Round "?"]
[White "McMahan, M."]
[Black "Stemmler, Daniel"]
[Result "0-1"]
[WhiteElo "1605"]
[BlackElo "1605"]
[PlyCount "46"]
[EventDate "1993.??.??"]

{5/(18)} 1. e4 g6 2. d4 Bg7 3. Nf3 d6 4. Nc3 Nd7 5. Bc4 Ngf6 6. Bg5 O-O 7. Qd2
c5 8. dxc5 Nxc5 9. Qe3 Qb6 10. b3 Ng4 11. Qd2 Nxf2 12. Bxe7 Re8 13. Nd5 Qc6 14.
Qxf2 Bxa1 15. O-O Bg7 16. Ng5 Nxe4 17. Qxf7+ Kh8 18. Ne6 Bxe6 19. Qxe6 Qc5+ 20.
Kh1 Nf2+ 21. Kg1 Nh3+ 22. Kh1 Qg1+ 23. Rxg1 Nf2# 0-1

[Event "Eastpointe (MI Action/2/28)"]
[Site "?"]
[Date "1993.??.??"]
[Round "?"]
[White "McMahan, M."]
[Black "Robinson, B."]
[Result "1-0"]
[WhiteElo "1605"]
[BlackElo "1605"]
[PlyCount "59"]
[EventDate "1993.??.??"]

{2/(28)} 1. e4 e5 2. Nf3 Bd6 3. Bc4 Nf6 4. d3 O-O 5. Bg5 Bb4+ 6. Nc3 c6 7. a3
Ba5 8. b4 Bb6 9. O-O d5 10. exd5 cxd5 11. Nxd5 h6 12. Bh4 Bg4 13. Re1 Nc6 14.
Bxf6 gxf6 15. b5 Nd4 16. Re3 Nxf3+ 17. gxf3 Bxe3 18. fxe3 Bh3 19. Qe1 Kh7 20.
Qh4 Rg8+ 21. Kh1 Qd7 22. Nxf6+ Kh8 23. Nxd7 Bg2+ 24. Kg1 Bxf3+ 25. Kf2 Rg4 26.
Qf6+ Kg8 27. Bxf7+ Kh7 28. Kxf3 Rd8 29. Qxd8 Rg7 30. Nf6# 1-0

[Event "Eastpointe (MI Action/4/18)"]
[Site "?"]
[Date "1993.??.??"]
[Round "?"]
[White "McMahan, M."]
[Black "Dane, C."]
[Result "1-0"]
[WhiteElo "1605"]
[BlackElo "1630"]
[PlyCount "69"]
[EventDate "1993.??.??"]

{4/(18)} 1. e4 e5 2. Nf3 Nc6 3. Bc4 Bc5 4. d3 Nf6 5. Bg5 h6 6. Bh4 g5 7. Bg3 d6
8. h3 O-O 9. Nc3 Qe8 10. O-O Be6 11. Bb3 Bxb3 12. axb3 Qe6 13. Nb5 Bb6 14. c4
a6 15. Nc3 Nh5 16. Bh2 Nf4 17. Bxf4 gxf4 18. Nh4 Kh7 19. Qh5 Nd4 20. Nd5 Ne2+
21. Qxe2 Rg8 22. Qh5 Rg5 23. Qf3 Rg3 24. Qh5 Rag8 25. Qf5+ Qxf5 26. exf5 Rxh3
27. Nf6+ Kh8 28. Nxg8 Rxh4 29. Nf6 Kg7 30. Nd5 Rg4 31. Nxb6 cxb6 32. f3 Rg3 33.
Rfd1 Kf6 34. d4 Kxf5 35. dxe5 1-0

[Event "Ann Arbor (HVA/2/18)"]
[Site "?"]
[Date "1993.??.??"]
[Round "?"]
[White "McGrath, Michael"]
[Black "Williams, C."]
[Result "1-0"]
[WhiteElo "1660"]
[BlackElo "1605"]
[PlyCount "26"]
[EventDate "1993.??.??"]

{2/(18)} 1. e4 c5 2. d4 cxd4 3. c3 dxc3 4. Nxc3 Nc6 5. Nf3 d6 6. Bc4 e6 7. O-O
g6 8. Qe2 Bg7 9. Re1 h6 10. Nb5 d5 11. exd5 Nce7 12. dxe6 Qb6 13. Be3 Qc6 1-0

[Event "Lansing (MI Am/1)"]
[Site "?"]
[Date "1993.??.??"]
[Round "?"]
[White "McGrath, Michael"]
[Black "Scott, A."]
[Result "1-0"]
[WhiteElo "1640"]
[BlackElo "1605"]
[PlyCount "47"]
[EventDate "1993.??.??"]

1. e4 e5 2. Nf3 d6 3. d4 exd4 4. Bc4 h6 5. O-O Nf6 6. e5 dxe5 7. Nxe5 Be6 8.
Re1 Bd6 9. Nxf7 Kxf7 10. Rxe6 Kg6 11. Qg4+ Kh7 12. Qf5+ g6 13. Qxf6 Qxf6 14.
Rxf6 Re8 15. Kf1 Nc6 16. Nd2 Nb4 17. Bb3 d3 18. c3 Nc6 19. Nf3 Be7 20. Rf7+ Kh8
21. Bxh6 Nd8 22. Rg7 Rc8 23. Ne5 Bf6 24. Nxg6# 1-0

[Event "Flint (Class B/4)"]
[Site "?"]
[Date "1993.??.??"]
[Round "?"]
[White "McGrath, Michael"]
[Black "Saulmon, Scott"]
[Result "0-1"]
[WhiteElo "1615"]
[BlackElo "1700"]
[PlyCount "106"]
[EventDate "1993.??.??"]

1. e4 e6 2. d4 d5 3. Nc3 Nf6 4. e5 Nfd7 5. Nf3 c5 6. Nb5 a6 7. Nd6+ Bxd6 8.
exd6 cxd4 9. Qxd4 Qf6 10. Qg4 Nc6 11. Rb1 h6 12. Qg3 Nc5 13. Nd2 Qe5+ 14. Qxe5
Nxe5 15. b4 Ncd7 16. f4 Nc6 17. Be2 O-O 18. a3 b5 19. Nb3 Rd8 20. Nc5 Nb6 21.
g4 Rxd6 22. h4 Rd8 23. g5 h5 24. g6 fxg6 25. Rg1 Ne7 26. Be3 d4 27. Rd1 Nc4 28.
Bxd4 Nxa3 29. Bf3 Rb8 30. Be5 Nxc2+ 31. Kf2 Rxd1 32. Rxd1 Rb6 33. Bc7 Rc6 34.
Rd8+ Kf7 35. Bxc6 Nxb4 36. Be8+ Kf6 37. Ne4+ Kf5 38. Kf3 Bb7 39. Ke3 Bxe4 40.
Bxg6+ Nxg6 41. Rg8 Nd5+ 42. Kd4 Nxc7 43. Rxg7 e5+ 44. Kc3 Nd5+ 45. Kb2 exf4 46.
Ra7 f3 47. Kc1 f2 48. Rf7+ Nf6 49. Kb2 f1=Q 50. Ka3 Qd3+ 51. Ka2 Bd5+ 52. Ka1
Qa3+ 53. Kb1 Be4# 0-1

[Event "Lansing (MI Am/5)"]
[Site "?"]
[Date "1993.??.??"]
[Round "?"]
[White "McGrath, Michael"]
[Black "Sanborn, Richard"]
[Result "0-1"]
[WhiteElo "1640"]
[BlackElo "1810"]
[PlyCount "56"]
[EventDate "1993.??.??"]

1. e4 c5 2. d4 cxd4 3. c3 d3 4. c4 g6 5. Bxd3 Bg7 6. Bg5 Bxb2 7. Nd2 Bxa1 8.
Qxa1 f6 9. Ne2 d6 10. Be3 e5 11. O-O Kf7 12. f4 Kg7 13. Nf3 Nd7 14. Qb2 Nh6 15.
h3 Rf8 16. g4 Qe7 17. Ng3 exf4 18. Bxf4 Ne5 19. Nd4 Nxd3 20. Bxh6+ Kxh6 21. g5+
fxg5 22. Qe2 Nf4 23. Qe1 Qe5 24. Qc3 Nxh3+ 25. Kg2 Rxf1 26. Nxf1 Qxe4+ 27. Kh2
Qf4+ 28. Ng3 Qf2+ 0-1

[Event "Flint (Class B/2)"]
[Site "?"]
[Date "1993.??.??"]
[Round "?"]
[White "McGrath, Michael"]
[Black "Hawley, T."]
[Result "0-1"]
[WhiteElo "1615"]
[BlackElo "1760"]
[PlyCount "60"]
[EventDate "1993.??.??"]

1. e4 e5 2. Nf3 Nc6 3. d4 exd4 4. Bc4 Bc5 5. c3 d3 6. O-O Nge7 7. Bf4 O-O 8.
Qxd3 Ng6 9. Bg3 d6 10. Nbd2 Be6 11. Bb5 Kh8 12. h4 Bg4 13. Bc4 Qe7 14. Ng5 f6
15. Nh3 Nce5 16. Qc2 f5 17. Nf4 Nxf4 18. Bxf4 Qxh4 19. a4 fxe4 20. Qxe4 Bf5 21.
Bg3 Qxg3 22. Qxb7 Nxc4 23. Nxc4 Bd3 24. Nd2 Bxf2+ 25. Rxf2 Qxf2+ 26. Kh1 Qxd2
27. a5 Rae8 28. Qd5 Re5 29. Qd4 Qh6+ 30. Kg1 Rh5 0-1

[Event "Ann Arbor (HVA/5/12)"]
[Site "?"]
[Date "1993.??.??"]
[Round "?"]
[White "McGrath, Michael"]
[Black "Harlan, K."]
[Result "0-1"]
[WhiteElo "1660"]
[BlackElo "1740"]
[PlyCount "102"]
[EventDate "1993.??.??"]

{5/(12)} 1. e4 e5 2. Bc4 Nf6 3. Nc3 Bc5 4. f4 d6 5. f5 Nc6 6. d3 h6 7. Nd5 Na5
8. Bb3 Nxb3 9. Nxf6+ Qxf6 10. axb3 g6 11. Nf3 gxf5 12. Bd2 fxe4 13. dxe4 Bg4
14. h3 Bxf3 15. Qxf3 Qxf3 16. gxf3 h5 17. c4 Rg8 18. Kf1 Ke7 19. b4 Bd4 20. Ra2
a6 21. b3 Rg3 22. Ke2 Rg2+ 23. Kd3 Rag8 24. h4 Rf2 25. Bg5+ f6 26. Rxf2 Bxf2
27. Be3 Bxe3 28. Kxe3 Rg2 29. Kd3 Rf2 30. Rh3 b6 31. Kc3 Ke6 32. Kd3 f5 33. Kc3
f4 34. Kd3 c6 35. Kc3 Re2 36. Kd3 Re3+ 37. Kc2 d5 38. exd5+ cxd5 39. c5 bxc5
40. bxc5 a5 41. Rh1 d4 42. Rf1 Kd5 43. Rg1 Kxc5 44. Rg5 Kd5 45. Rxh5 Rxf3 46.
Rh8 Ke4 47. h5 Rf2+ 48. Kd1 Kd3 49. Ke1 Ke3 50. Kd1 Rf1+ 51. Kc2 d3+ 0-1

[Event "East Lansing (MI Op/6/33)"]
[Site "?"]
[Date "1993.??.??"]
[Round "?"]
[White "McGrath, Michael"]
[Black "Gregory, Kevin"]
[Result "1-0"]
[WhiteElo "1635"]
[BlackElo "1815"]
[PlyCount "89"]
[EventDate "1993.??.??"]

{6/(33)} 1. e4 c6 2. d4 d5 3. exd5 cxd5 4. c4 Nf6 5. c5 Nc6 6. Bb5 Bd7 7. Nf3
a6 8. Bxc6 Bxc6 9. Nc3 g6 10. h3 Nd7 11. Bf4 Bg7 12. b4 O-O 13. a4 b6 14. b5
axb5 15. axb5 Rxa1 16. Qxa1 Nxc5 17. dxc5 Bxb5 18. Be5 Bxe5 19. Nxe5 Be8 20. c6
f6 21. Nd7 Bxd7 22. cxd7 Qxd7 23. O-O e5 24. Qa2 Rd8 25. Rd1 Kg7 26. Rxd5 Qc7
27. Rxd8 Qxd8 28. Nd5 b5 29. Qb3 Qa5 30. Qb4 Qxb4 31. Nxb4 h5 32. Kf1 h4 33.
Ke2 Kh6 34. Ke3 Kg5 35. Ke4 Kh5 36. Nd5 Kg5 37. f3 f5+ 38. Kxe5 Kh6 39. Kf6 Kh7
40. Kg5 Kg7 41. Kxh4 Kh6 42. f4 Kg7 43. Kg5 Kf7 44. h4 Ke6 45. Nc7+ 1-0

[Event "Troy (TCC/B/1a/3)"]
[Site "?"]
[Date "1993.??.??"]
[Round "?"]
[White "McGrath, Michael"]
[Black "Gaiefsky, Mike"]
[Result "0-1"]
[WhiteElo "1640"]
[BlackElo "1765"]
[PlyCount "76"]
[EventDate "1993.??.??"]

1. e4 c5 2. d4 cxd4 3. c3 dxc3 4. Nxc3 Nc6 5. Nf3 g6 6. Bc4 Bg7 7. O-O d6 8.
Bf4 Nf6 9. e5 dxe5 10. Nxe5 Nxe5 11. Qxd8+ Kxd8 12. Bxe5 a6 13. Bxf7 e6 14. Bd6
Bf8 15. Bg3 Ke7 16. Bxe6 Bxe6 17. Rac1 Bh6 18. Rcd1 Rad8 19. Ra1 Rhe8 20. Bh4
g5 21. Bg3 Kf7 22. Rac1 Bc4 23. Rfe1 Rxe1+ 24. Rxe1 g4 25. b3 Be6 26. Bc7 Rd7
27. Bb6 Bd2 28. Rd1 Bxc3 29. Rxd7+ Bxd7 30. a3 Nd5 31. Bd8 Bb2 32. a4 Nb4 33.
Bh4 Bc3 34. Kf1 Be6 35. Ke2 Bxb3 36. f3 gxf3+ 37. Kxf3 Bxa4 38. g4 Bc6+ {[0-1,
47?]} 0-1

[Event "Troy (TCC/B/3/1)"]
[Site "?"]
[Date "1993.??.??"]
[Round "?"]
[White "McGrath, Michael"]
[Black "Fleming, William"]
[Result "0-1"]
[WhiteElo "1640"]
[BlackElo "1780"]
[PlyCount "116"]
[EventDate "1993.??.??"]

{3/(1)} 1. e4 e5 2. Nf3 Nc6 3. d4 exd4 4. Bc4 Nf6 5. O-O Nxe4 6. Re1 d5 7. Bxd5
Qxd5 8. Nc3 Qd8 9. Nxe4 Be7 10. Nfg5 O-O 11. Qh5 Bf5 12. Nh3 Bg6 13. Qb5 Nb4
14. Qc4 d3 15. cxd3 Qxd3 16. Nf6+ Bxf6 17. Qxb4 b6 18. Nf4 Qd7 19. Nxg6 fxg6
20. Bf4 c5 21. Rad1 Qg4 22. Qb3+ Kh8 23. Bg3 Rfe8 24. h3 Rxe1+ 25. Rxe1 Qd4 26.
Qf7 Qd8 27. b3 Qf8 28. Qe6 h6 29. Rd1 Re8 30. Qc6 Re2 31. Rd7 Qe8 32. Qd5 Kh7
33. Rxa7 Qe6 34. Qxe6 Rxe6 35. Ra6 Re2 36. a4 Rb2 37. Rxb6 c4 38. Rxf6 gxf6 39.
bxc4 Rc2 40. a5 Rxc4 41. f3 Ra4 42. Bc7 Ra2 43. Bb6 g5 44. Kh2 Kg6 45. Kg3 f5
46. Kh2 h5 47. Kg1 f4 48. Kf1 Kf5 49. Kg1 g4 50. hxg4+ hxg4 51. fxg4+ Kxg4 52.
Kf1 Kg3 53. Bc7 Rf2+ 54. Ke1 Rxg2 55. Bb6 Ra2 56. Kf1 Ra1+ 57. Ke2 f3+ 58. Kd3
f2 0-1

[Event "Lansing (MI Am/4)"]
[Site "?"]
[Date "1993.??.??"]
[Round "?"]
[White "McGrath, Michael"]
[Black "Eckert, William"]
[Result "1-0"]
[WhiteElo "1640"]
[BlackElo "1605"]
[PlyCount "47"]
[EventDate "1993.??.??"]

1. e4 Nf6 2. Nc3 e5 3. f4 exf4 4. Nf3 Nc6 5. Bc4 Nxe4 6. O-O Bc5+ 7. d4 Bb4 8.
Nxe4 d5 9. Bxd5 Qxd5 10. c3 Qxe4 11. Re1 Qxe1+ 12. Qxe1+ Ne7 13. cxb4 Be6 14.
Bxf4 O-O-O 15. Qe5 Nd5 16. Rc1 Rd7 17. Qxg7 Re8 18. Bg3 c6 19. Ne5 f6 20. Nxd7
Bxd7 21. b5 Nb4 22. a3 Nd3 23. bxc6 Bxc6 24. Qc7# 1-0

[Event "East Lansing (MI Op/4/32)"]
[Site "?"]
[Date "1993.??.??"]
[Round "?"]
[White "McGrath, Michael"]
[Black "Aldrich, Jeff"]
[Result "0-1"]
[WhiteElo "1635"]
[BlackElo "1900"]
[PlyCount "84"]
[EventDate "1993.??.??"]

{4/(32)} 1. e4 c6 2. d4 d5 3. exd5 cxd5 4. c4 Nf6 5. c5 Nc6 6. Bb5 Bd7 7. Nf3
e6 8. h3 Qa5+ 9. Nc3 b6 10. Bxc6 Bxc6 11. Ne5 Bb7 12. c6 Ba6 13. Bd2 Bd6 14.
Ne4 Bb4 15. Nxf6+ gxf6 16. Ng4 Ke7 17. a3 Bxd2+ 18. Qxd2 Qxd2+ 19. Kxd2 Rac8
20. Rac1 Bb5 21. Rc3 h5 22. Ne3 Rxc6 23. Re1 Kd6 24. a4 Rxc3 25. Kxc3 Rc8+ 26.
Kd2 Bxa4 27. Ra1 b5 28. b3 Bxb3 29. Rxa7 Rc7 30. Ra8 Bc4 31. Rb8 Ra7 32. Nxc4+
bxc4 33. Rb2 Ra3 34. Ke2 Rd3 35. Rd2 Rxd2+ 36. Kxd2 e5 37. Kc3 Ke6 38. g3 Kf5
39. f3 exd4+ 40. Kxd4 Kg5 41. f4+ Kf5 42. Ke3 c3 0-1

[Event "Trenton (Mar)"]
[Site "?"]
[Date "1993.??.??"]
[Round "?"]
[White "McGinniss, M."]
[Black "Randel, D."]
[Result "0-1"]
[WhiteElo "1605"]
[BlackElo "1605"]
[PlyCount "121"]
[EventDate "1993.??.??"]

1. c4 c5 2. Nc3 g6 3. g3 Bg7 4. Bg2 Nc6 5. Nf3 e5 6. d3 Nge7 7. O-O O-O 8. Rb1
Rb8 9. a3 a6 10. Bg5 h6 11. Bd2 b5 12. Qc2 Kh7 13. Nd5 d6 14. cxb5 axb5 15. e4
Nxd5 16. exd5 Ne7 17. b4 cxb4 18. axb4 Nxd5 19. Ng5+ hxg5 20. Bxd5 f6 21. Ra1
Bb7 22. Bxb7 Rxb7 23. Qc6 Qc7 24. Rfc1 Rc8 25. Qd5 Qd7 26. Rxc8 Qxc8 27. Ra5
Qd7 28. Ra8 Qf7 29. Qxf7 Rxf7 30. Rb8 Ra7 31. Rxb5 Bf8 32. Be3 Ra3 33. Rb8 Kg7
34. d4 d5 35. Rb7+ Kg8 36. dxe5 fxe5 37. Bxg5 Rb3 38. Rb8 Rxb4 39. Rxb4 Bxb4
40. Kf1 Kf7 41. Ke2 Ke6 42. f3 Bc5 43. g4 Be7 44. Bxe7 Kxe7 45. Kd3 g5 46. Ke3
Kd6 47. Kd3 Kc5 48. Kc3 d4+ 49. Kd3 Kd5 50. h3 Kd6 51. Ke4 Ke6 52. Kd3 Kd5 53.
Kd2 Kc4 54. Kc2 d3+ 55. Kd2 Kd4 56. h4 gxh4 57. g5 h3 58. g6 h2 59. g7 h1=Q 60.
g8=Q Qh2+ 61. Kc1 0-1

[Event "Trenton (Mar)"]
[Site "?"]
[Date "1993.??.??"]
[Round "?"]
[White "McGinniss, M."]
[Black "McGrath, Michael"]
[Result "0-1"]
[WhiteElo "1605"]
[BlackElo "1640"]
[PlyCount "72"]
[EventDate "1993.??.??"]

1. c4 e5 2. g3 d6 3. Bg2 f5 4. f4 Nc6 5. fxe5 dxe5 6. Nc3 Nf6 7. d3 Bc5 8. Bg5
h6 9. Bxf6 Qxf6 10. Nd5 Qd6 11. a3 O-O 12. b4 Bd4 13. c5 Qd7 14. Rb1 Ne7 15.
Qb3 Nxd5 16. Bxd5+ Kh8 17. Nf3 Bc3+ 18. Qxc3 Qxd5 19. Qxe5 Qc6 20. b5 Qg6 21.
Qxc7 f4 22. gxf4 Bh3 23. Rg1 Qf6 24. Qe5 Qf7 25. Nh4 Rae8 26. Qb2 Rxe2+ 27.
Qxe2 Re8 28. Ng6+ Kg8 29. Qxe8+ Qxe8+ 30. Kd2 Bf5 31. Ne5 Qe6 32. d4 Qa2+ 33.
Kc3 Bxb1 34. Rxb1 Qxb1 35. c6 Qxb5 36. cxb7 Qxb7 0-1

[Event "Troy (TCC/C/2/2)"]
[Site "?"]
[Date "1993.??.??"]
[Round "?"]
[White "McFolley, John"]
[Black "Walquist, Elaine"]
[Result "1-0"]
[WhiteElo "1605"]
[BlackElo "1605"]
[PlyCount "104"]
[EventDate "1993.??.??"]

{2/(2)} 1. e4 c5 2. Nf3 e6 3. Nc3 a6 4. Be2 Nc6 5. d3 Nf6 6. Bg5 h6 7. Bh4 g5
8. Bg3 Nh5 9. Be5 Nxe5 10. Nxe5 Nf4 11. Bh5 Qf6 12. Nxf7 Nxh5 13. Nxh8 Nf4 14.
g3 Ng2+ 15. Kd2 Qxh8 16. Qf3 h5 17. Qxg2 g4 18. f3 Bh6+ 19. f4 Qd4 20. Ke2 b5
21. Qf2 Qb4 22. Rab1 c4 23. h3 cxd3+ 24. cxd3 Bg7 25. a3 Qd6 26. hxg4 hxg4 27.
e5 Qf8 28. Qh2 Bb7 29. Qh5+ Kd8 30. Qg5+ Kc7 31. Rh7 Bf3+ 32. Ke3 Bh8 33. Qe7
Qxe7 34. Rxe7 Rg8 35. Ne4 Bxe4 36. Kxe4 Bg7 37. f5 exf5+ 38. Kxf5 Kd8 39. Rf7
Ke8 40. e6 dxe6+ 41. Kxe6 Bh6 42. Ra7 Rg6+ 43. Kf5 Rg5+ 44. Kf6 Rd5 45. Re1+
Kd8 46. Rh1 Rd6+ 47. Ke5 Rc6 48. Rf1 Kc8 49. Rff7 Kb8 50. Rae7 Bg5 51. Re8+ Rc8
52. Rxc8+ Kxc8 1-0

[Event "Eastpointe (EDO/5/18)"]
[Site "?"]
[Date "1993.??.??"]
[Round "?"]
[White "McFolley, John"]
[Black "Papanichola, D."]
[Result "1-0"]
[WhiteElo "1605"]
[BlackElo "1695"]
[PlyCount "75"]
[EventDate "1993.??.??"]

{5/(18)} 1. e4 d5 2. exd5 Qxd5 3. Nc3 Qa5 4. Nf3 Nf6 5. Bc4 Bg4 6. d4 c6 7. Qd3
Bf5 8. Qe2 e6 9. Ng5 Nd5 10. Bd2 Bb4 11. Bxd5 cxd5 12. Qb5+ Qxb5 13. Nxb5 Bxd2+
14. Kxd2 Na6 15. Nd6+ Ke7 16. Nxf5+ exf5 17. Rhe1+ Kf6 18. Nh3 Rhe8 19. Nf4 Nc7
20. b3 g6 21. c4 dxc4 22. bxc4 Re4 23. Rxe4 fxe4 24. Ke3 Kf5 25. d5 Ke5 26. Ne2
b5 27. cxb5 Nxd5+ 28. Kd2 Rd8 29. Kc2 Nb4+ 30. Kc3 Nd3 31. f3 Rc8+ 32. Kd2 exf3
33. gxf3 Nb4 34. Rc1 Rd8+ 35. Ke3 Rd3+ 36. Kf2 Nxa2 37. Rc7 Ke6 38. Nf4+ 1-0

[Event "Troy (TCC/C/4/6)"]
[Site "?"]
[Date "1993.??.??"]
[Round "?"]
[White "McFolley, John"]
[Black "James, Larry"]
[Result "0-1"]
[WhiteElo "1605"]
[BlackElo "1605"]
[PlyCount "124"]
[EventDate "1993.??.??"]

{4/(6)} 1. e4 c5 2. Nf3 d6 3. Bc4 Nf6 4. Nc3 e6 5. O-O Be7 6. d4 cxd4 7. Qxd4
a6 8. Rd1 Nc6 9. Qe3 Qc7 10. Qg5 O-O 11. Qg3 Kh8 12. Bg5 b5 13. Bxf6 Bxf6 14.
Qxd6 Qxd6 15. Rxd6 Bb7 16. Bb3 Na5 17. Re1 Nxb3 18. axb3 Rad8 19. e5 Rxd6 20.
exd6 Rd8 21. Rd1 Kg8 22. Nb1 Bxb2 23. c4 bxc4 24. bxc4 Be4 25. c5 Kf8 26. Rd2
Bf6 27. h3 Bxb1 28. c6 Be4 29. Ne5 Bxc6 30. Nxc6 Rc8 31. Nb4 a5 32. d7 Rc1+ 33.
Kh2 Bd8 34. Nd3 Rc7 35. Ne5 Ke7 36. f4 f6 37. Nf3 Rxd7 38. Rxd7+ Kxd7 39. Nd4
a4 40. Kg3 e5 41. fxe5 fxe5 42. Nc2 Kd6 43. Kf3 Kd5 44. Ke3 Kc4 45. Kd2 Kb3 46.
Kc1 e4 47. Nd4+ Ka2 48. Kc2 Ka3 49. Nc6 Bg5 50. Kc3 e3 51. Nb4 Bf6+ 52. Kc4 e2
53. Nc2+ Kb2 54. Kd3 a3 55. Nxa3 e1=Q 56. Nc4+ Kc1 57. Ne3 Qc3+ 58. Ke4 Kd2 59.
Nf1+ Ke2 60. Nh2 Qd4+ 61. Kf5 Qe5+ 62. Kg4 Qg5# 0-1

[Event "Flint (Class DE/2)"]
[Site "?"]
[Date "1993.??.??"]
[Round "?"]
[White "McElhiney, K."]
[Black "Harrison, T."]
[Result "0-1"]
[WhiteElo "1605"]
[BlackElo "1605"]
[PlyCount "116"]
[EventDate "1993.??.??"]

1. e4 c5 2. Bc4 d6 3. Nf3 Bd7 4. d3 a5 5. Nc3 Nc6 6. Ng5 e6 7. Qf3 Nh6 8. Be3
Nd4 9. Qd1 b5 10. Bxd4 cxd4 11. Nxb5 Qxg5 12. Nc7+ Kd8 13. Nxa8 Qc5 14. Qd2 Qa7
15. c3 Qxa8 16. cxd4 d5 17. Qg5+ f6 18. Bxd5 Qxd5 19. exd5 fxg5 20. dxe6 Bxe6
21. O-O Bd6 22. a3 a4 23. Rac1 Bb3 24. Rc6 Re8 25. Rxd6+ Kc7 26. Ra6 Kb7 27.
Ra5 Nf7 28. Rc5 Rc8 29. Re1 Rxc5 30. dxc5 Kc6 31. d4 Nd8 32. Re7 Ne6 33. g3
Nxd4 34. Rxg7 Bc2 35. Rxg5 Nf3+ 36. Kg2 Nxg5 37. f4 Be4+ 38. Kf2 Nh3+ 39. Ke3
Bc2 40. Kd4 Ng1 41. h4 Ne2+ 42. Ke3 Nxg3 43. Kf3 Nf5 44. h5 h6 45. Ke2 Kxc5 46.
Kd2 Bb3 47. Kd3 Kd5 48. Ke2 Ke4 49. Kf2 Kxf4 50. Kg2 Kg4 51. Kh2 Kxh5 52. Kh3
Kg5 53. Kg2 Kg4 54. Kh2 h5 55. Kg2 h4 56. Kh2 Kf4 57. Kh3 Ke3 58. Kh2 Kd2 0-1

[Event "Flint (MI Jr/4)"]
[Site "?"]
[Date "1993.??.??"]
[Round "?"]
[White "McDonald, J."]
[Black "Princing, D."]
[Result "0-1"]
[WhiteElo "1605"]
[BlackElo "1605"]
[PlyCount "40"]
[EventDate "1993.??.??"]

1. e4 e5 2. Nf3 Nc6 3. Bc4 Nf6 4. Nc3 Bc5 5. d3 O-O 6. O-O h6 7. h3 d6 8. Bb5
Nd4 9. Nxd4 Bxd4 10. Bd2 a6 11. Bc4 b6 12. Qe1 Nh5 13. Bd5 c6 14. Bxc6 Rb8 15.
Be3 Nf4 16. Bxd4 exd4 17. Nd5 Nxh3+ 18. gxh3 Bxh3 19. Qb4 Qg5+ 20. Kh2 Qg2# 0-1

[Event "Flint (MI Jr/3)"]
[Site "?"]
[Date "1993.??.??"]
[Round "?"]
[White "McDonald, J."]
[Black "Kenworthy, Matt"]
[Result "0-1"]
[WhiteElo "1605"]
[BlackElo "1605"]
[PlyCount "170"]
[EventDate "1993.??.??"]

1. e4 e5 2. Nf3 Nf6 3. Nc3 Nc6 4. Bc4 Bc5 5. h3 d6 6. O-O Nd4 7. Nxd4 Bxd4 8.
d3 Bxc3 9. bxc3 d5 10. Bxd5 Nxd5 11. exd5 Qxd5 12. d4 f6 13. Ba3 Bf5 14. Qb1 a6
15. Qb4 O-O-O 16. dxe5 Qxe5 17. Rfe1 Qd6 18. Qb3 Qd2 19. Rab1 Qd5 20. c4 Qc6
21. Re7 Rd7 22. Rxd7 Bxd7 23. Qg3 Rg8 24. Qe3 b6 25. c5 Kb7 26. cxb6 cxb6 27.
Bc5 b5 28. c4 Rc8 29. cxb5 Qxc5 30. bxa6+ Kxa6 31. Qd3+ Bb5 32. Qb3 Qc4 33.
Qa3+ Qa4 34. Qd6+ Rc6 35. Qb8 Ka5 36. Qa8+ Ra6 37. Qd8+ Rb6 38. Qd2+ Ka6 39.
Rb4 Qa3 40. Rb3 Qa5 41. Qc2 Ba4 42. Qc8+ Ka7 43. Qc7+ Ka6 44. Rxb6+ Qxb6 45.
Qxg7 Bc2 46. Qf7 Qb2 47. Qc4+ Ka5 48. a4 Bxa4 49. Qc7+ Kb4 50. Qxh7 Kc3 51.
Qc7+ Kd2 52. Qf4+ Ke1 53. Qe3+ Kd1 54. Qd3+ Kc1 55. Qc4+ Bc2 56. Qf4+ Kd1 57.
g4 Bd3 58. Qf3+ Be2 59. Qf4 Qc3 60. h4 Qh3 61. Qg3 Qxg3+ 62. fxg3 Bxg4 63. Kf1
Kd2 64. Kg2 Ke3 65. Kh2 Kf3 66. h5 Bxh5 67. Kh3 Bg4+ 68. Kh4 f5 69. Kg5 Kxg3
70. Kf6 f4 71. Ke5 f3 72. Ke4 f2 73. Ke3 f1=Q 74. Kd4 Qe1 75. Kd3 Kf3 76. Kd4
Qe4+ 77. Kc5 Qd3 78. Kc6 Qd4 79. Kc7 Qf6 80. Kb7 Qd6 81. Ka7 Qb4 82. Ka6 Ke4
83. Ka7 Kd5 84. Ka6 Kc6 85. Ka7 Qb7# 0-1

[Event "Flint (Beg/4)"]
[Site "?"]
[Date "1993.??.??"]
[Round "?"]
[White "McCormick, K."]
[Black "Etienne, T."]
[Result "0-1"]
[WhiteElo "1605"]
[BlackElo "1605"]
[PlyCount "62"]
[EventDate "1993.??.??"]

1. c4 Nf6 2. Nc3 e6 3. d4 d5 4. cxd5 Nxd5 5. e4 Nxc3 6. bxc3 b6 7. Bc4 Bb7 8.
Qd3 Be7 9. Ne2 O-O 10. O-O Nd7 11. Bb3 Nf6 12. Ng3 Rc8 13. c4 c5 14. d5 Ba6 15.
a4 exd5 16. exd5 Qc7 17. Bb2 Rfd8 18. Bxf6 Bxf6 19. Bc2 g6 20. Rad1 Bd4 21. Ne2
Rxd5 22. Kh1 Rh5 23. g3 Bb7+ 24. Kg1 Qc6 25. Qe4 Qxe4 26. Bxe4 Bxe4 27. Nxd4
cxd4 28. Rxd4 Bc2 29. Rd7 Ra5 30. Ra1 Bxa4 31. c5 Bxd7 0-1

[Event "Flint (Beg/2)"]
[Site "?"]
[Date "1993.??.??"]
[Round "?"]
[White "McCormick, K."]
[Black "Choate, Dan"]
[Result "1-0"]
[WhiteElo "1605"]
[BlackElo "1605"]
[PlyCount "45"]
[EventDate "1993.??.??"]

1. e4 e5 2. Nf3 Nc6 3. Bb5 f6 4. Bxc6 dxc6 5. c3 Bg4 6. d4 Bxf3 7. Qxf3 exd4 8.
O-O dxc3 9. Nxc3 Qd4 10. Rd1 Qe5 11. Bf4 Qe6 12. Bxc7 Nh6 13. e5 Bc5 14. exf6
gxf6 15. Re1 Qxe1+ 16. Rxe1+ Kf7 17. Qh5+ Kg7 18. Re7+ Kf8 19. Qxc5 Nf7 20.
Re6+ Kg7 21. Qe7 Kg8 22. Rxf6 Kg7 23. Qxf7# 1-0

[Event "Eastpointe (MI Action/5/16)"]
[Site "?"]
[Date "1993.??.??"]
[Round "?"]
[White "McCarter, Robert"]
[Black "Walker, Anthony"]
[Result "1-0"]
[WhiteElo "1700"]
[BlackElo "1605"]
[PlyCount "81"]
[EventDate "1993.??.??"]

{5/(16)} 1. d4 e6 2. Nf3 d5 3. Bf4 Nd7 4. e3 Ngf6 5. Nbd2 c5 6. c3 Be7 7. h3
Qb6 8. Qb3 cxd4 9. Qxb6 Nxb6 10. exd4 O-O 11. Bd3 h6 12. O-O Bd7 13. Ne5 Rac8
14. Ndf3 Rfd8 15. Rfe1 Bd6 16. Nxd7 Rxd7 17. Ne5 Rdd8 18. Bd2 Nfd7 19. f4 f6
20. Ng6 Re8 21. Rad1 e5 22. fxe5 fxe5 23. dxe5 Nxe5 24. Nxe5 Bxe5 25. Bb5 Re7
26. Be3 Rd8 27. Bd4 Bxd4+ 28. cxd4 Rxe1+ 29. Rxe1 a6 30. Bf1 Kf8 31. g4 Re8 32.
Rc1 Re7 33. Bg2 Rd7 34. b3 Ke8 35. Rc5 Ke7 36. Kf2 Kd6 37. Ke3 Rc7 38. Rxc7
Kxc7 39. Kf4 Kd7 40. Ke5 Kc6 41. Kf5 1-0